[Event "GRENKE Chess Open 2018"]
[Site "Karlsruhe GER"]
[Date "2018.03.31"]
[Round "4.31"]
[White "Rafiee, Makan"]
[Black "Lampert, Jonas"]
[Result "0-1"]
[WhiteTitle "FM"]
[BlackTitle "IM"]
[WhiteElo "2339"]
[BlackElo "2532"]
[WhiteFideId "24609340"]
[BlackFideId "1303759"]
[EventDate "2018.03.29"]

1. e4 e5 2. Nf3 Nc6 3. Bb5 a6 4. Ba4 d6 5. c3 f5 6. exf5 Bxf5 7. d4 e4 8. d5
exf3 9. Qxf3 Qe7+ 10. Be3 Be4 11. Qd1 b5 12. dxc6 bxa4 13. Qxa4 Bxg2 14. Rg1 Qe4
15. Qa5 Nf6 16. Nd2 Qxc6 17. O-O-O Bd5 18. c4 Be6 19. Kb1 Kf7 20. Nb3 Be7 21.
Nd4 Qe4+ 22. Ka1 c5 23. Qc7 Rhe8 0-1

[Event "GRENKE Chess Open 2018"]
[Site "Karlsruhe GER"]
[Date "2018.03.31"]
[Round "4.32"]
[White "Burmakin, Vladimir"]
[Black "Podat, Vladimir"]
[Result "1/2-1/2"]
[WhiteTitle "GM"]
[WhiteElo "2522"]
[BlackElo "2324"]
[WhiteFideId "4105109"]
[BlackFideId "14100940"]
[EventDate "2018.03.29"]

1. Nf3 c5 2. g3 Nc6 3. Bg2 g6 4. c4 Bg7 5. Nc3 d6 6. O-O Bf5 7. e4 Bg4 8. h3
Bxf3 9. Qxf3 e6 10. d3 Nd4 11. Qd1 Ne7 12. Rb1 O-O 13. a3 Rb8 14. b4 cxb4 15.
axb4 b5 16. Be3 a6 17. Qd2 Qd7 18. Rfc1 Rfc8 19. Na2 Rc7 20. f4 Qc8 21. Qf2 e5
22. Bf1 a5 23. bxa5 bxc4 24. Rxb8 Qxb8 25. dxc4 Rc5 26. Nc3 Rxa5 27. Rb1 Qa8 28.
Bxd4 exd4 29. Nd5 Nxd5 30. cxd5 Ra2 31. Rb8+ Qxb8 32. Qxa2 h5 33. h4 Qb4 34. Bd3
Qe1+ 35. Kg2 Qe3 36. Qc2 g5 37. hxg5 h4 38. gxh4 Qxf4 39. Qf2 Qg4+ 40. Qg3 Qd1
41. Qf3 Qd2+ 42. Kh3 Be5 43. Bb5 Qc1 44. Kg4 Qc5 45. Be2 Qc8+ 46. Qf5 Qc2 47.
Qf3 Qc8+ 48. Kh5 Kg7 49. Bb5 Qb8 50. Bf1 Qc8 51. Bd3 Qh8+ 52. Kg4 Qc8+ 53. Qf5
Qc3 54. Qf1 Qc8+ 1/2-1/2

[Event "GRENKE Chess Open 2018"]
[Site "Karlsruhe GER"]
[Date "2018.03.31"]
[Round "4.33"]
[White "Van Kerkhof, David"]
[Black "Schneider, Ilja"]
[Result "1-0"]
[WhiteTitle "FM"]
[BlackTitle "IM"]
[WhiteElo "2334"]
[BlackElo "2513"]
[WhiteFideId "1012827"]
[BlackFideId "4663306"]
[EventDate "2018.03.29"]

1. e4 d5 2. d4 Nc6 3. Nc3 e5 4. dxe5 d4 5. Nd5 Nge7 6. Bc4 Be6 7. Nxe7 Qxe7 8.
Bxe6 Qxe6 9. f4 f6 10. exf6 Qxe4+ 11. Qe2 Qxe2+ 12. Nxe2 gxf6 13. Bd2 Kf7 14.
O-O-O Re8 15. Rhe1 Rg8 16. Ng3 Bd6 17. Rxe8 Kxe8 18. Re1+ Kf7 19. Re2 Rg4 20.
Rf2 Bc5 21. Nf5 Kg6 22. h3 d3 23. Be3 Bxe3+ 24. Nxe3 Rg3 25. Nf1 1-0

[Event "GRENKE Chess Open 2018"]
[Site "Karlsruhe GER"]
[Date "2018.03.31"]
[Round "4.34"]
[White "Schlosser, Philipp"]
[Black "Buckels, Valentin"]
[Result "1-0"]
[WhiteTitle "GM"]
[BlackTitle "FM"]
[WhiteElo "2510"]
[BlackElo "2318"]
[WhiteFideId "4600169"]
[BlackFideId "12942766"]
[EventDate "2018.03.29"]

1. d4 Nf6 2. Nf3 e6 3. e3 b6 4. Bd3 Bb7 5. O-O d5 6. c4 Be7 7. cxd5 exd5 8. Nc3
O-O 9. b3 Re8 10. Bb2 a6 11. Rc1 Bd6 12. Ne5 b5 13. Ne2 c5 14. Rxc5 Bxc5 15.
dxc5 Qc7 16. Nf3 Qxc5 17. Bxf6 gxf6 18. Nfd4 Nd7 19. Ng3 Ne5 20. Bb1 Bc8 21. Qh5
Ng6 22. Qf3 Qd6 23. Nh5 Re5 24. Rc1 Rg5 25. Qxf6 Qxf6 26. Nxf6+ Kg7 27. Ne8+ Kf8
28. f4 Rxg2+ 29. Kxg2 Kxe8 30. Kg3 Bd7 31. Rc5 Rc8 32. b4 Rxc5 33. bxc5 h5 34.
Bxg6 fxg6 35. a3 Ke7 36. Kf2 Bh3 37. Ke2 Kd7 38. Kd3 Bf1+ 39. Kc3 a5 40. Nb3 Kc6
41. Nxa5+ Kxc5 42. Nb3+ Kd6 43. Nd4 h4 44. Kb4 g5 45. fxg5 Ke5 46. Nf3+ Kf5 47.
Nxh4+ Kxg5 48. Nf3+ Kf5 49. Kc5 Bc4 50. Kd4 Bb3 51. Nd2 Ba2 52. Kc5 Ke5 53. Kxb5
d4 54. Nf3+ Ke4 55. Nxd4 Kxe3 56. Kc5 Bb1 57. a4 Kf2 58. a5 Bd3 59. Nb5 Kg2 60.
a6 Kxh2 61. a7 Be4 62. Nd6 Ba8 63. Kb6 Kg3 64. Kc7 Kf4 65. Kb8 Bh1 66. Nb7 1-0

[Event "GRENKE Chess Open 2018"]
[Site "Karlsruhe GER"]
[Date "2018.03.31"]
[Round "4.35"]
[White "Kanarek, Marcel"]
[Black "Murphy, Conor E"]
[Result "1-0"]
[WhiteTitle "GM"]
[BlackTitle "FM"]
[WhiteElo "2506"]
[BlackElo "2312"]
[WhiteFideId "1126822"]
[BlackFideId "421669"]
[EventDate "2018.03.29"]

1. e4 c5 2. Nf3 e6 3. d4 cxd4 4. Nxd4 Nc6 5. Nc3 Qc7 6. Be2 Nf6 7. Be3 Be7 8. f4
d6 9. Qd2 Nxd4 10. Bxd4 e5 11. Be3 O-O 12. O-O-O a6 13. g4 Bxg4 14. Bxg4 Nxg4
15. Nd5 Qd8 16. Bb6 Qe8 17. Rhg1 Nf6 18. fxe5 Nxd5 19. exd5 Kh8 20. exd6 Bxd6
21. Rxg7 Qe4 22. Bd4 f6 23. Rdg1 Qf5 24. Kb1 b5 25. Qh6 Be5 26. Ra7 1-0

[Event "GRENKE Chess Open 2018"]
[Site "Karlsruhe GER"]
[Date "2018.03.31"]
[Round "4.36"]
[White "Schnepp, Gunnar"]
[Black "Ider, Borya"]
[Result "0-1"]
[WhiteTitle "FM"]
[BlackTitle "IM"]
[WhiteElo "2332"]
[BlackElo "2505"]
[WhiteFideId "1604503"]
[BlackFideId "4901134"]
[EventDate "2018.03.29"]

1. c4 e6 2. Nf3 d5 3. g3 dxc4 4. Bg2 c6 5. a4 Nf6 6. O-O Qd5 7. Nc3 Qa5 8. e4
Nbd7 9. Qe2 Qa6 10. b3 cxb3 11. Qxa6 bxa6 12. Rb1 a5 13. Nd4 Ba6 14. Re1 Ne5 15.
Nxb3 Bb4 16. Na2 Nd3 17. Rd1 c5 18. Bb2 O-O 19. Bxf6 gxf6 20. e5 fxe5 21. Bxa8
Rxa8 22. Nxb4 axb4 23. Nc1 e4 24. Kg2 Ne5 25. d4 exd3 26. f4 Nc4 27. Rxd3 Na3
28. Rxa3 bxa3 29. Ra1 Rd8 30. Rxa3 Rd2+ 31. Kf3 Rxh2 32. Rc3 c4 33. Ne2 Bb7+ 34.
Ke3 Bd5 35. Rc1 Rg2 36. a5 Kf8 37. a6 Ke7 38. f5 Kd6 39. fxe6 fxe6 40. Rb1 h5
41. Rb8 Kc7 42. Rh8 Kb6 43. Rxh5 Kxa6 44. Rg5 Kb6 45. Nf4 Rg1 46. Nxd5+ exd5 47.
Rxd5 c3 48. Kd4 0-1

[Event "GRENKE Chess Open 2018"]
[Site "Karlsruhe GER"]
[Date "2018.03.31"]
[Round "4.37"]
[White "Olsen, Filip Boe"]
[Black "Riff, Jean-Noel"]
[Result "0-1"]
[WhiteTitle "FM"]
[BlackTitle "GM"]
[WhiteElo "2330"]
[BlackElo "2503"]
[WhiteFideId "1440640"]
[BlackFideId "611190"]
[EventDate "2018.03.29"]

1. d4 Nf6 2. c4 e6 3. Nc3 Bb4 4. e3 O-O 5. Ne2 d5 6. a3 Be7 7. cxd5 exd5 8. Nf4
c6 9. Bd3 Na6 10. O-O Nc7 11. b4 Bd6 12. b5 cxb5 13. Nxb5 Nxb5 14. Bxb5 Bxf4 15.
exf4 Bf5 16. Bd3 Qd7 17. f3 Rac8 18. Rb1 b6 19. g4 Bxd3 20. Qxd3 Rc4 21. Bd2
Rfc8 22. Rfe1 Qa4 23. Rb4 Rxb4 24. axb4 h6 25. Kf2 Qa2 26. Re2 Qc4 27. Re3 Qxd3
28. Rxd3 Ne8 29. f5 Nd6 30. f6 Rc2 31. Kg3 Nc4 32. Bf4 g5 33. Bb8 a5 34. bxa5
bxa5 35. Ba7 a4 36. Bc5 Nd2 37. Bd6 Nf1+ 38. Kh3 Kh7 39. Ra3 Nd2 40. Rxa4 Nxf3
41. Ra5 Nxd4 42. Rxd5 Ne6 43. Rf5 Kg6 44. Rf3 Rd2 45. Be5 Re2 46. Bb8 Nc5 47.
Ba7 Ne4 48. Bd4 Rd2 49. Bc3 Rc2 50. Bd4 h5 51. gxh5+ Kxh5 52. Rf5 Rd2 53. Ba1
Rd1 54. Bb2 Nd6 55. Rf2 Rg1 56. Rg2 g4+ 0-1

[Event "GRENKE Chess Open 2018"]
[Site "Karlsruhe GER"]
[Date "2018.03.31"]
[Round "4.38"]
[White "Bellahcene, Bilel"]
[Black "Barath, M"]
[Result "1-0"]
[WhiteTitle "IM"]
[BlackTitle "FM"]
[WhiteElo "2488"]
[BlackElo "2309"]
[WhiteFideId "696358"]
[BlackFideId "25033450"]
[EventDate "2018.03.29"]

1. e4 c5 2. Nf3 d6 3. d4 cxd4 4. Nxd4 Nf6 5. Nc3 a6 6. Bg5 e6 7. Qf3 Nbd7 8.
O-O-O Qc7 9. Qg3 Be7 10. Be2 b5 11. Bxb5 axb5 12. Ndxb5 Qb8 13. Nxd6+ Bxd6 14.
Rxd6 O-O 15. Rhd1 Nxe4 16. Nxe4 Rxa2 17. b3 Qb4 18. Nc3 Ra1+ 19. Nb1 Qa3+ 20.
Kd2 Qb4+ 21. Ke2 Qe4+ 22. Kf1 Qxc2 23. Qc3 Qa2 24. R6d2 Qa6+ 25. Kg1 h6 26. Be3
Nf6 27. Bxh6 Ra5 28. Rd6 Qb5 29. Rd8 Rxd8 30. Rxd8+ Kh7 31. Bd2 Ba6 32. Qc2+ g6
33. Qd1 Ng4 34. Bc3 e5 35. Bxa5 Qxa5 36. Rd2 Qb4 37. Ra2 Qf4 38. g3 Qh6 39. h4
Bc8 40. Nc3 Bf5 41. Qd2 Qf8 42. Ra7 Be6 43. Ne4 Qb8 44. Ng5+ Kg8 45. Qa5 Qxb3
46. Qd8+ Kg7 47. Nxe6+ 1-0

[Event "GRENKE Chess Open 2018"]
[Site "Karlsruhe GER"]
[Date "2018.03.31"]
[Round "4.39"]
[White "Kuraszkiewicz, Michael"]
[Black "Poetsch, Hagen"]
[Result "0-1"]
[WhiteTitle "FM"]
[BlackTitle "IM"]
[WhiteElo "2326"]
[BlackElo "2484"]
[WhiteFideId "4618149"]
[BlackFideId "24615137"]
[EventDate "2018.03.29"]

1. d4 Nf6 2. Nf3 d5 3. c4 e6 4. g3 Be7 5. Bg2 O-O 6. O-O dxc4 7. Qc2 b6 8. Bg5
Ba6 9. Nbd2 Nc6 10. Nxc4 Nxd4 11. Nxd4 Qxd4 12. Rac1 Rac8 13. Qa4 Bxc4 14. Rxc4
Qxb2 15. Qxa7 Qxe2 16. Rxc7 Rxc7 17. Qxc7 Bc5 18. Bxf6 gxf6 19. Qf4 Kg7 20. a4
Rd8 21. Bf3 Qc2 22. Qg4+ Kf8 23. Qf4 Ke7 24. Bh5 Rd4 25. Qc7+ Rd7 26. Qf4 Bd4
27. Bd1 Qd3 28. Bh5 Qc2 29. Bd1 Qa2 30. Kg2 Bc5 31. Bh5 Qd5+ 32. Bf3 Qd4 33. Qh6
Qxa4 34. Qxh7 Qa2 35. Bh5 e5 36. Qf5 Qe6 37. Qc2 Ra7 38. Qe4 f5 39. Qh4+ Qf6 40.
Qc4 Qc6+ 41. Kh3 Qe6 42. Qh4+ Qf6 43. Qc4 Ra8 44. f3 Rh8 45. g4 Qe6 46. Qxe6+
Kxe6 47. Kg2 f4 48. Ra1 Rd8 49. h4 Rd2+ 50. Kh3 Rd3 51. Kg2 e4 52. fxe4 f3+ 53.
Kg3 f2+ 54. Kg2 Re3 55. Rf1 Rxe4 56. Kf3 Re1 57. Kg2 Re4 58. Kf3 Ke5 59. Kg2 f6
60. Kf3 Re1 61. Kg2 Kf4 62. Bf7 Kxg4 63. h5 Re3 0-1

[Event "GRENKE Chess Open 2018"]
[Site "Karlsruhe GER"]
[Date "2018.03.31"]
[Round "4.40"]
[White "Fedorovsky, Michael"]
[Black "Gschnitzer, Adrian"]
[Result "1/2-1/2"]
[WhiteTitle "IM"]
[WhiteElo "2471"]
[BlackElo "2307"]
[WhiteFideId "14105454"]
[BlackFideId "1270337"]
[EventDate "2018.03.29"]

1. d4 Nf6 2. c4 c5 3. d5 b5 4. cxb5 a6 5. bxa6 g6 6. Nc3 Bg7 7. e4 O-O 8. Be2
Qa5 9. Bd2 Bxa6 10. e5 Ne8 11. Nf3 Bxe2 12. Qxe2 Qa6 13. O-O Qxe2 14. Nxe2 d6
15. Bc3 Nd7 16. exd6 Nxd6 17. Bxg7 Kxg7 18. Nc3 Rfb8 19. b3 Ra3 20. Rae1 Kf8 21.
Re2 c4 22. Nd4 cxb3 23. axb3 Nf5 24. Ncb5 Nxd4 25. Nxd4 Nf6 26. d6 exd6 27. f3
Rc8 28. Rb1 Nd5 29. Rd2 Nc3 30. Rc1 Rc5 31. Rdc2 Rd5 32. Rxc3 1/2-1/2

[Event "GRENKE Chess Open 2018"]
[Site "Karlsruhe GER"]
[Date "2018.03.31"]
[Round "4.41"]
[White "Videnova, Iva"]
[Black "Kuipers, Stefan"]
[Result "0-1"]
[WhiteTitle "IM"]
[BlackTitle "IM"]
[WhiteElo "2323"]
[BlackElo "2468"]
[WhiteFideId "2907763"]
[BlackFideId "1018400"]
[EventDate "2018.03.29"]

1. e4 e6 2. d4 d5 3. Nc3 Nf6 4. e5 Nfd7 5. f4 c5 6. Nf3 Nc6 7. Be3 a6 8. Qd2 b5
9. dxc5 Bxc5 10. Bd3 Qb6 11. Bf2 h6 12. h4 Bb7 13. h5 Bxf2+ 14. Qxf2 Qxf2+ 15.
Kxf2 Nc5 16. a3 b4 17. Ne2 b3 18. Ned4 Na5 19. Ke2 Ke7 20. Nd2 bxc2 21. Bxc2 Nc6
22. N2f3 a5 23. Nxc6+ Bxc6 24. Nd4 Rhc8 25. b4 Nd7 26. Bd3 Nb6 27. Rhc1 Be8 28.
Rxc8 Nxc8 29. b5 f5 30. exf6+ gxf6 31. Kd2 Kd6 32. Rc1 Ne7 33. a4 Bd7 34. Nb3 e5
35. fxe5+ fxe5 36. Rf1 e4 37. Be2 Nf5 38. g4 Ng3 39. Rf6+ Ke5 40. Ra6 Rc8 41. b6
e3+ 42. Kd3 Ne4 0-1

[Event "GRENKE Chess Open 2018"]
[Site "Karlsruhe GER"]
[Date "2018.03.31"]
[Round "4.42"]
[White "Basso, Pier Luigi"]
[Black "Bilchinski, Anton"]
[Result "1/2-1/2"]
[WhiteTitle "IM"]
[BlackTitle "FM"]
[WhiteElo "2459"]
[BlackElo "2292"]
[WhiteFideId "866970"]
[BlackFideId "24615765"]
[EventDate "2018.03.29"]

1. d4 Nf6 2. c4 e6 3. Nf3 b6 4. g3 Ba6 5. b3 b5 6. cxb5 Bxb5 7. Bg2 d5 8. O-O
Nbd7 9. Nc3 Ba6 10. Re1 Bb4 11. Bd2 O-O 12. a3 Be7 13. b4 c6 14. Qc2 Bc4 15. Na4
Rc8 16. e3 Ne4 17. Rec1 Nxd2 18. Nxd2 Bb5 19. Nc3 Nb6 20. Bf1 Bd6 21. e4 Bxf1
22. Rxf1 e5 1/2-1/2

[Event "GRENKE Chess Open 2018"]
[Site "Karlsruhe GER"]
[Date "2018.03.31"]
[Round "4.43"]
[White "Grigorian, Spartak"]
[Black "Firat, Burak"]
[Result "0-1"]
[BlackTitle "GM"]
[WhiteElo "2321"]
[BlackElo "2453"]
[WhiteFideId "24661490"]
[BlackFideId "6305881"]
[EventDate "2018.03.29"]

1. Nf3 c5 2. b3 d6 3. c4 Nf6 4. Bb2 Nbd7 5. g3 b6 6. Bg2 Bb7 7. O-O g6 8. d4
cxd4 9. Qxd4 Bg7 10. Nc3 O-O 11. Qh4 Rc8 12. Rad1 a6 13. g4 b5 14. Nd5 bxc4 15.
Ng5 Bxd5 16. Bxd5 c3 17. Bc1 h6 18. Nh3 g5 19. Nxg5 hxg5 20. Bxg5 Ne5 21. Bxf6
Bxf6 22. g5 Bg7 23. Rd3 e6 24. Rh3 Re8 25. f4 c2 26. Bc4 Nxc4 27. f5 exf5 28.
Qh7+ Kf8 29. Qxf5 Ne5 0-1

[Event "GRENKE Chess Open 2018"]
[Site "Karlsruhe GER"]
[Date "2018.03.31"]
[Round "4.44"]
[White "Lubbe, Nikolas"]
[Black "Morgunov, Marc"]
[Result "1-0"]
[WhiteTitle "IM"]
[WhiteElo "2453"]
[BlackElo "2290"]
[WhiteFideId "4694031"]
[BlackFideId "1640305"]
[EventDate "2018.03.29"]

1. d4 Nf6 2. Nf3 g6 3. b3 Bg7 4. Bb2 O-O 5. e3 b6 6. Be2 Bb7 7. O-O d6 8. c4 c5
9. Nbd2 Nbd7 10. Qc2 cxd4 11. exd4 Rc8 12. Rfd1 d5 13. a4 dxc4 14. bxc4 Qc7 15.
Qb3 Ne4 16. Nxe4 Bxe4 17. Qe3 Bxf3 18. gxf3 e5 19. d5 Nc5 20. a5 Rfe8 21. axb6
axb6 22. Rab1 Qd6 23. Ba3 f5 24. Qb3 Nxb3 25. Bxd6 Nd4 26. Bf1 Nxf3+ 27. Kg2 e4
28. Rxb6 Bf8 29. Bxf8 Kxf8 30. d6 Rc5 31. Be2 Ne5 32. Rb7 h6 33. Kg3 Nf7 34. Rb6
Rd8 35. Rd4 Rd7 36. Bd1 Ne5 37. Ba4 Rd8 38. Bb5 Nd3 39. d7 f4+ 40. Kg2 Ne1+ 41.
Kf1 Nf3 42. Rd5 Rxd5 43. cxd5 Ra8 44. Ra6 Rb8 45. Kg2 Ng5 46. Rc6 Rd8 47. Rf6+
Ke7 48. Rxf4 Kd6 49. Bc6 Ke5 50. Kg3 Rb8 51. h4 Nh7 52. Rf7 Nf6 53. Re7+ Kd6 54.
Re6+ 1-0

[Event "GRENKE Chess Open 2018"]
[Site "Karlsruhe GER"]
[Date "2018.03.31"]
[Round "4.45"]
[White "Pfrommer, Christoph"]
[Black "Inkiov, Ventzislav"]
[Result "0-1"]
[WhiteTitle "FM"]
[BlackTitle "GM"]
[WhiteElo "2313"]
[BlackElo "2449"]
[WhiteFideId "4603290"]
[BlackFideId "2900033"]
[EventDate "2018.03.29"]

1. d4 Nf6 2. Bg5 Ne4 3. Bf4 c5 4. d5 Qb6 5. Bc1 e6 6. f3 Nf6 7. e4 exd5 8. exd5
d6 9. c4 Bf5 10. Nc3 Nbd7 11. Nge2 h5 12. Ng3 Bg6 13. Bd3 Bxd3 14. Qxd3 Ne5 15.
Qe2 O-O-O 16. f4 Re8 17. O-O Ned7 18. Qf3 g6 19. Kh1 Bg7 20. Rb1 Ng4 21. Nge4 a6
22. Bd2 Bd4 23. b4 f5 24. bxc5 fxe4 25. Nxe4 Nxc5 26. Rxb6 Nxe4 27. Rxa6 Nxd2
28. Ra8+ Kc7 29. Rxe8 Rxe8 30. Qd3 Nf2+ 0-1

[Event "GRENKE Chess Open 2018"]
[Site "Karlsruhe GER"]
[Date "2018.03.31"]
[Round "5.1"]
[White "Rapport, Richard"]
[Black "Lagarde, Maxime"]
[Result "1/2-1/2"]
[WhiteTitle "GM"]
[BlackTitle "GM"]
[WhiteElo "2715"]
[BlackElo "2587"]
[WhiteFideId "738590"]
[BlackFideId "662399"]
[EventDate "2018.03.29"]

1. e4 c5 2. Nc3 Nc6 3. Bb5 Nd4 4. Nf3 Nxb5 5. Nxb5 a6 6. Nc3 d6 7. d4 cxd4 8.
Qxd4 e5 9. Qd3 h6 10. Nd2 Nf6 11. Nc4 Be6 12. Ne3 Rc8 13. a4 Qb6 14. O-O Be7 15.
Rd1 O-O 16. Bd2 Qd4 17. Be1 Qxd3 18. Rxd3 Rc5 19. f3 Rfc8 20. Bf2 Kf8 21. Rd2
Nd7 22. Ncd1 g6 23. b3 b5 24. axb5 axb5 25. Ra2 R5c6 26. g4 Bg5 27. h4 Bf4 28.
Re2 Nb6 29. Ra5 d5 30. Rxb5 d4 31. Ng2 Rxc2 32. Rxc2 Rxc2 33. Nxf4 exf4 34. Bxd4
Rc1 35. Bxb6 Rxd1+ 36. Kg2 Rd2+ 37. Bf2 Rd3 38. b4 Bb3 39. Bc5+ Ke8 40. Rb8+ Kd7
41. b5 Bd1 42. Rb7+ Kc8 43. Rxf7 Bxf3+ 44. Kf2 g5 45. Rf8+ Kb7 46. Rf7+ Kc8 47.
hxg5 hxg5 48. Rf5 Bxg4 49. Rxg5 Rd2+ 50. Kg1 Bf3 51. e5 Bd5 52. Rf5 Rg2+ 53. Kf1
Rc2 54. Bd4 Bc4+ 55. Kg1 Bxb5 56. Rxf4 Bc4 1/2-1/2

[Event "GRENKE Chess Open 2018"]
[Site "Karlsruhe GER"]
[Date "2018.03.31"]
[Round "5.2"]
[White "Kozul, Zdenko"]
[Black "Heimann, Andreas"]
[Result "1/2-1/2"]
[WhiteTitle "GM"]
[BlackTitle "GM"]
[WhiteElo "2617"]
[BlackElo "2574"]
[WhiteFideId "14502879"]
[BlackFideId "24624632"]
[EventDate "2018.03.29"]

1. d4 Nf6 2. c4 e6 3. g3 d5 4. Bg2 Be7 5. Nf3 O-O 6. O-O dxc4 7. Qc2 a6 8. a4
Bd7 9. Qxc4 Bc6 10. Bg5 Bd5 11. Qc2 Be4 12. Qd1 c5 13. dxc5 Bxc5 14. Nbd2 Bc6
15. Nb3 Be7 16. Qxd8 Rxd8 17. Ne5 Bxg2 18. Kxg2 Nbd7 19. Nxd7 Rxd7 20. Rfc1 Nd5
21. Bxe7 Nxe7 22. Rc4 Rc8 23. Rxc8+ Nxc8 24. Rc1 Na7 25. Nc5 Rc7 26. a5 f6 27.
f4 Kf7 28. b4 Nc8 29. Kf3 Ne7 30. Nd3 Rxc1 31. Nxc1 Nc6 32. Nd3 Ke7 33. Nc5 Nxb4
34. Nxb7 1/2-1/2

[Event "GRENKE Chess Open 2018"]
[Site "Karlsruhe GER"]
[Date "2018.03.31"]
[Round "5.3"]
[White "Sadzikowski, Daniel"]
[Black "Bernadskiy, Vitaliy"]
[Result "1/2-1/2"]
[WhiteTitle "GM"]
[BlackTitle "GM"]
[WhiteElo "2583"]
[BlackElo "2588"]
[WhiteFideId "1132253"]
[BlackFideId "14100371"]
[EventDate "2018.03.29"]

1. d4 g6 2. e4 Bg7 3. Nc3 a6 4. f4 d5 5. Nxd5 e6 6. Nc3 Qxd4 7. Bd3 Nc6 8. Nf3
Qb6 9. Qe2 Nb4 10. Be3 Nxd3+ 11. cxd3 Qd6 12. O-O Ne7 13. Rac1 b6 14. Bf2 O-O
15. Bh4 Bb7 16. d4 f5 17. Rfe1 fxe4 18. Nxe4 Qd7 19. Neg5 Nf5 20. Bf2 Bxf3 21.
Nxf3 Nxd4 22. Bxd4 Bxd4+ 23. Nxd4 Qxd4+ 24. Kh1 Qxf4 25. g3 Qf7 26. Qe5 Rac8 27.
Qxe6 Qxe6 28. Rxe6 Rf2 29. Rxb6 cxb6 30. Rxc8+ Kg7 31. Rc7+ Kh6 32. Ra7 a5 33.
b4 Rxa2 34. bxa5 bxa5 35. Kg1 a4 36. h3 a3 37. h4 g5 38. hxg5+ Kxg5 39. Ra4 Kf5
40. Rf4+ Ke5 41. Rf3 Ke4 42. Rb3 Kf5 43. Rc3 Kg4 44. Rb3 Kh3 45. g4+ Kxg4 46.
Kh1 Kf4 47. Kg1 Ke4 48. Kh1 Kd4 49. Rf3 h5 50. Rb3 Kc4 51. Rf3 Kb4 52. Rf4+ Kc3
53. Rf3+ Kc4 54. Rf4+ Kd3 55. Rf3+ Ke2 56. Rg3 Ra1+ 57. Kg2 h4 58. Rb3 Ra2 59.
Kh1 Kd1 60. Rf3 Ke1 61. Rd3 Ra1 62. Kg2 Ke2 63. Rb3 Kd2 64. Rf3 h3+ 65. Kh2 Ke2
66. Rb3 Ra2 67. Kh1 Ke1 68. Rd3 Ra1 69. Kh2 Ke2 70. Rb3 Kd2 71. Rf3 Kc2 72. Rf2+
Kd3 73. Rf3+ Kc4 74. Rf4+ Kc5 75. Rf5+ Kd4 76. Rf3 Ra2+ 77. Kh1 1/2-1/2

[Event "GRENKE Chess Open 2018"]
[Site "Karlsruhe GER"]
[Date "2018.03.31"]
[Round "5.5"]
[White "Andreikin, Dmitry"]
[Black "Lubbe, Nikolas"]
[Result "1-0"]
[WhiteTitle "GM"]
[BlackTitle "IM"]
[WhiteElo "2712"]
[BlackElo "2453"]
[WhiteFideId "4158814"]
[BlackFideId "4694031"]
[EventDate "2018.03.29"]

1. e4 c5 2. Nf3 Nc6 3. d4 cxd4 4. Nxd4 Nf6 5. Nc3 e5 6. Nde2 h6 7. Ng3 d6 8. Bc4
Bg4 9. Qd3 Rc8 10. a3 Be6 11. O-O Be7 12. Nd5 O-O 13. Ba2 Re8 14. Nf5 Bf8 15.
Nfe3 Nd7 16. b4 Nb6 17. Rd1 Nd4 18. Nxb6 Qxb6 19. Bb2 Bxa2 20. Rxa2 Ne6 21. c4
Nf4 22. Qb1 Qd8 23. g3 Qg5 24. h4 Qh5 25. Rd2 Nh3+ 26. Kg2 Nf4+ 27. Kh2 Qf3 28.
gxf4 exf4 29. Qd1 Qxe4 30. Rd4 Qe5 31. Nd5 f3+ 32. Rf4 Qe2 33. Qg1 Re6 34. Rg4
Rg6 35. Nf6+ Kh8 36. Rxg6 fxg6 37. Bd4 Qd3 38. Rd2 Qf5 39. Nd5 Rxc4 40. Qg3 Rc1
41. Ne3 Qf7 42. Bxa7 g5 43. Rd5 gxh4 44. Qg4 g6 45. Qxh4 Kh7 46. Bd4 Be7 47. Qe4
Bg5 48. Rxg5 hxg5 49. Nd5 Kh6 50. Be3 Rd1 51. Qh4+ Kg7 52. Bd4+ Kf8 53. Qh8+ Qg8
54. Qf6+ Qf7 55. Qd8+ Qe8 56. Qxd6+ 1-0

[Event "GRENKE Chess Open 2018"]
[Site "Karlsruhe GER"]
[Date "2018.03.31"]
[Round "5.6"]
[White "Van Wely, Loek"]
[Black "Inkiov, Ventzislav"]
[Result "1-0"]
[WhiteTitle "GM"]
[BlackTitle "GM"]
[WhiteElo "2667"]
[BlackElo "2449"]
[WhiteFideId "1000268"]
[BlackFideId "2900033"]
[EventDate "2018.03.29"]

1. d4 Nf6 2. c4 e6 3. Nf3 d5 4. g3 dxc4 5. Bg2 c5 6. O-O Nc6 7. dxc5 Qxd1 8.
Rxd1 Bxc5 9. Nbd2 c3 10. bxc3 O-O 11. Nb3 Be7 12. Nfd4 Bd7 13. c4 Rfd8 14. Bb2
Rac8 15. Nb5 Be8 16. c5 Rxd1+ 17. Rxd1 a6 18. Nd6 Rd8 19. Rd2 Rb8 20. Bxf6 gxf6
21. Nxe8 Rxe8 22. Rd7 Kf8 23. Rxb7 Rc8 24. Bxc6 Rxc6 25. Rb8+ Kg7 26. Rb6 Rc8
27. c6 a5 28. Ra6 Bd8 29. Nd4 Rb8 30. Ra7 Rb1+ 31. Kg2 Bb6 32. Nxe6+ Kh6 33.
Rxf7 1-0

[Event "GRENKE Chess Open 2018"]
[Site "Karlsruhe GER"]
[Date "2018.03.31"]
[Round "5.7"]
[White "Zatonskih, Anna"]
[Black "Korobov, Anton"]
[Result "0-1"]
[WhiteTitle "IM"]
[BlackTitle "GM"]
[WhiteElo "2446"]
[BlackElo "2664"]
[WhiteFideId "14101572"]
[BlackFideId "14105730"]
[EventDate "2018.03.29"]

1. d4 Nf6 2. c4 e6 3. Nf3 d5 4. g3 dxc4 5. Qa4+ Nbd7 6. Bg2 a6 7. Qxc4 b5 8. Qd3
Bb7 9. O-O c5 10. dxc5 Bxc5 11. Be3 O-O 12. Nbd2 Qb6 13. Bxc5 Nxc5 14. Qe3 Nd5
15. Qd4 Na4 16. Qxb6 Ndxb6 17. b4 Nc3 18. Nd4 Bxg2 19. Kxg2 Rfd8 20. N2b3 Rac8
21. e3 e5 22. Nf3 f6 23. Rfc1 Ne4 24. Ne1 Kf7 25. Rxc8 Rxc8 26. Rc1 Rxc1 27.
Nxc1 Nc3 28. Ned3 Nbd5 29. a3 Nb1 30. Nc5 Nc7 31. a4 bxa4 32. Nxa4 Ke6 33. e4
Kd6 34. Na2 Kc6 35. N2c3 Na3 36. Nb2 Nab5 37. Nba4 Nd4 38. Nc5 Ndb5 39. N5a4 Ne6
40. f3 Nbd4 41. Nb2 Ng5 42. f4 exf4 43. gxf4 Nge6 44. Nd3 Nb5 45. Nd5 Nd6 46.
Nc3 Nb5 47. Nd5 Nec7 48. Ne7+ Kd7 49. Nf5 Ne6 50. e5 g6 51. Ne3 f5 52. Nd5 Nbc7
53. Nf6+ Kc6 54. Nxh7 Kd5 55. Kf3 Kc4 56. Ke2 Nd5 57. Ng5 Ndxf4+ 58. Nxf4 Nxf4+
59. Kf3 Nd5 60. Ne6 Kxb4 61. Nd4 a5 62. e6 a4 63. Kg3 Kc5 64. Nc2 Kd6 65. Kh4
Kxe6 66. Kg5 Kf7 67. h4 Nf6 68. Kf4 Kg7 69. Kg5 Ne4+ 70. Kf4 Kh6 0-1

[Event "GRENKE Chess Open 2018"]
[Site "Karlsruhe GER"]
[Date "2018.03.31"]
[Round "5.8"]
[White "Trent, Lawrence"]
[Black "Fridman, Daniel"]
[Result "0-1"]
[WhiteTitle "IM"]
[BlackTitle "GM"]
[WhiteElo "2440"]
[BlackElo "2637"]
[WhiteFideId "408638"]
[BlackFideId "11600454"]
[EventDate "2018.03.29"]

1. e4 c6 2. d4 d5 3. e5 Bf5 4. h4 Qc7 5. g4 Bd7 6. f4 c5 7. dxc5 Nh6 8. Be2 e6
9. Nd2 Bxc5 10. Nb3 Bb6 11. Kf1 Nc6 12. Rh3 O-O 13. Kg2 d4 14. c4 dxc3 15. Rxc3
Rad8 16. Qc2 Qb8 17. Nh3 Nb4 18. Qb1 Bc6+ 19. Kh2 f6 20. Rg3 0-1